000 00574nam a22002057a 4500
003 AR-RoIUNI
005 20241122062955.0
007 ta
008 231011s1969 sp a||||r|||| 001 0 spa d
040 _cIUNIR
080 _a616.314 HOL
100 _aHollander, LLoyd N.
245 1 0 _aPráctica dental moderna :
_bconceptos y procedimientos /
_cLloyd N. Hollander , Marvin S. Weckstein
250 _a1a ed.
260 _aBarcelona :
_bLabor ,
_c1969
300 _a192 p. :
_bil. ;
_c25 cm.
650 1 0 _aOdontologĂ­a
_9546
700 _aWeckstein, Marvin S.
942 _2cdu
_cBK
999 _c5746
_d5746